| 000 | 00531nam a22002057a 4500 | ||
|---|---|---|---|
| 005 | 20250528124435.0 | ||
| 008 | 250528b |||||||| |||| 00| 0 eng d | ||
| 020 | _a9780071115919 | ||
| 050 |
_aHD 58.7 ORG _b1 |
||
| 100 | _aGIBSON,L. James | ||
| 245 |
_aOrganizations: _bBehavior,structure,processes |
||
| 250 | _a12th | ||
| 260 |
_aBoston _bMcGraw-Hill _c2006 |
||
| 300 | _axviii,606p | ||
| 500 | _aindex | ||
| 700 | _aIvancevich,M.John | ||
| 700 | _aDonnelly, H. James | ||
| 700 | _aKonopaske, Robert | ||
| 942 |
_2lcc _cBK _n0 |
||
| 999 |
_c6005 _d6005 |
||